000 01028nam a2200253Ia 4500
003 OSt
005 20221005112414.0
006 a|||||r|||| 00| 0
007 ta
008 221004b |||||||| |||| 00| 0 pan d
020 _a9780981830711 (hbk)
_c240
024 _a5141
037 _b743, 12/03/2013, Bright Book Service
_cTextual
040 _aCRL
_cCRL
_bpan
041 _2pan
_apan
082 _aO153,1J58x, Q0
100 _aਆਹਲੂਵਾਲੀਆ, ਜੋਗਿੰਦਰ ਸਿੰਘ, ਥਦ.
245 0 _aਸੋਢੀ ਪਿਰਥੀ ਚੰਦ ਦੀ ਰਚਨਾ
260 _aਕੈਲੀਖ਼ੋਰਨੀਆ
_bਪੰਜਾਬੀ ਐਜੂਕੇFਨਲ ਐੰਡ ਕਲਚਰਲ ਖ਼ਾਊੰਡੇFਨ ਭਾਰਤ
_c2010
300 _a184ਪੰ
_ccm.
650 _aਪੰਜਾਬੀ ਸਾਹਿਤ
942 _hO153,1J58x, Q0
_cTEXL
_2cc
999 _c1024785
_d1024785